<?xml version="1.0" encoding="UTF-8"?>
<record
    xmlns:xsi="http://www.w3.org/2001/XMLSchema-instance"
    xsi:schemaLocation="http://www.loc.gov/MARC21/slim http://www.loc.gov/standards/marcxml/schema/MARC21slim.xsd"
    xmlns="http://www.loc.gov/MARC21/slim">

  <leader>04016nam0a22004211  4500</leader>
  <controlfield tag="001">RU\NLR\A1DV\25682</controlfield>
  <controlfield tag="005">20260407071024.0</controlfield>
  <datafield tag="035" ind1=" " ind2=" ">
    <subfield code="a">(NLR Aleph) 010777042</subfield>
  </datafield>
  <datafield tag="090" ind1=" " ind2=" ">
    <subfield code="a">10048618</subfield>
    <subfield code="c">10048618</subfield>
  </datafield>
  <datafield tag="100" ind1=" " ind2=" ">
    <subfield code="a">19990604d1811    m  y0rusy50      ca</subfield>
  </datafield>
  <datafield tag="101" ind1="1" ind2=" ">
    <subfield code="a">rus</subfield>
    <subfield code="c">ger</subfield>
  </datafield>
  <datafield tag="102" ind1=" " ind2=" ">
    <subfield code="a">RU</subfield>
  </datafield>
  <datafield tag="140" ind1=" " ind2=" ">
    <subfield code="a">y   y    kb        yaa0000  </subfield>
  </datafield>
  <datafield tag="200" ind1="1" ind2=" ">
    <subfield code="a">&#x425;&#x438;&#x43C;&#x438;&#x447;&#x435;&#x441;&#x43A;&#x43E;&#x435; &#x43D;&#x430;&#x441;&#x442;&#x430;&#x432;&#x43B;&#x435;&#x43D;&#x438;&#x435; &#x43F;&#x438;&#x441;&#x430;&#x442;&#x44C; &#x440;&#x435;&#x446;&#x435;&#x43F;&#x442;&#x44B;, &#x438;&#x43B;&#x438; &#x41A;&#x430;&#x440;&#x43C;&#x430;&#x43D;&#x43D;&#x430;&#x44F; &#x43A;&#x43D;&#x438;&#x436;&#x43A;&#x430; &#x434;&#x43B;&#x44F; &#x43F;&#x440;&#x430;&#x43A;&#x442;&#x438;&#x43A;&#x443;&#x44E;&#x449;&#x438;&#x445; &#x432;&#x440;&#x430;&#x447;&#x435;&#x439;, &#x43A;&#x43E;&#x442;&#x43E;&#x440;&#x44B;&#x435; &#x445;&#x43E;&#x442;&#x44F;&#x442; &#x438;&#x437;&#x431;&#x435;&#x433;&#x430;&#x442;&#x44C; &#x43F;&#x43E;&#x433;&#x440;&#x435;&#x448;&#x43D;&#x43E;&#x441;&#x442;&#x435;&#x439; &#x43F;&#x440;&#x438; &#x43F;&#x440;&#x435;&#x434;&#x43F;&#x438;&#x441;&#x44B;&#x432;&#x430;&#x43D;&#x438;&#x438; &#x43B;&#x435;&#x43A;&#x430;&#x440;&#x441;&#x442;&#x432; &#x432; &#x445;&#x438;&#x43C;&#x438;&#x447;&#x435;&#x441;&#x43A;&#x43E;&#x43C; &#x438; &#x444;&#x430;&#x440;&#x43C;&#x430;&#x446;&#x435;&#x432;&#x442;&#x438;&#x447;&#x435;&#x441;&#x43A;&#x43E;&#x43C; &#x43E;&#x442;&#x43D;&#x43E;&#x448;&#x435;&#x43D;&#x438;&#x438;</subfield>
    <subfield code="f">&#x434;. &#x418;&#x43E;&#x430;&#x43D;. &#x411;&#x430;&#x440;&#x442;&#x43E;&#x43B;&#x43E;&#x43C;&#x435;&#x44F; &#x422;&#x440;&#x43E;&#x43C;&#x437;&#x434;&#x43E;&#x440;&#x444;&#x430;, &#x43F;&#x440;&#x43E;&#x444;&#x435;&#x441;&#x441;&#x43E;&#x440;&#x430; &#x445;&#x438;&#x43C;&#x438;&#x438; &#x432; &#x42D;&#x440;&#x444;&#x443;&#x440;&#x442;&#x441;&#x43A;&#x43E;&#x43C; &#x443;&#x43D;&#x438;&#x432;&#x435;&#x440;&#x441;&#x438;&#x442;&#x435;&#x442;&#x435; &#x438; &#x442;&#x430;&#x43C;&#x43E;&#x448;&#x43D;&#x44F;&#x433;&#x43E; &#x430;&#x43F;&#x442;&#x435;&#x43A;&#x430;&#x440;&#x44F;, &#x447;&#x43B;&#x435;&#x43D;&#x430; &#x420;&#x438;&#x43C;&#x441;&#x43A;&#x43E;-&#x418;&#x43C;&#x43F;&#x435;&#x440;&#x430;&#x442;&#x43E;&#x440;&#x441;&#x43A;&#x43E;&#x439; &#x430;&#x43A;&#x430;&#x434;&#x435;&#x43C;&#x438;&#x438; &#x435;&#x441;&#x442;&#x435;&#x441;&#x442;&#x432;&#x43E;-&#x438;&#x441;&#x43F;&#x44B;&#x442;&#x430;&#x442;&#x435;&#x43B;&#x435;&#x439;, &#x43E;&#x431;&#x449;&#x435;&#x441;&#x442;&#x432;: &#x41A;&#x43E;&#x440;&#x43E;&#x43B;&#x435;&#x432;&#x441;&#x43A;&#x430;&#x433;&#x43E; &#x414;&#x430;&#x442;&#x441;&#x43A;&#x430;&#x433;&#x43E; &#x432; &#x41A;&#x43E;&#x43F;&#x435;&#x43D;&#x433;&#x430;&#x433;&#x435;&#x43D;&#x435;, &#x43C;&#x435;&#x434;&#x438;&#x43A;&#x43E;&#x444;&#x430;&#x440;&#x43C;&#x430;&#x446;&#x435;&#x432;&#x442;&#x438;&#x447;&#x435;&#x441;&#x43A;&#x430;&#x433;&#x43E; &#x411;&#x440;&#x438;&#x441;&#x441;&#x435;&#x43B;&#x44C;&#x441;&#x43A;&#x430;&#x433;&#x43E;, &#x42D;&#x440;&#x444;&#x443;&#x440;&#x442;&#x441;&#x43A;&#x43E;&#x439; &#x430;&#x43A;&#x430;&#x434;&#x435;&#x43C;&#x438;&#x438; &#x43F;&#x43E;&#x43B;&#x435;&#x437;&#x43D;&#x44B;&#x445; &#x437;&#x43D;&#x430;&#x43D;&#x438;&#x439;, &#x435;&#x441;&#x442;&#x435;&#x441;&#x442;&#x432;&#x43E;-&#x438;&#x441;&#x43F;&#x44B;&#x442;&#x430;&#x442;&#x435;&#x43B;&#x435;&#x439; &#x418;&#x435;&#x43D;&#x441;&#x43A;&#x430;&#x433;&#x43E; &#x438; &#x442;&#x430;&#x43C;&#x43E;&#x448;&#x43D;&#x44F;&#x433;&#x43E; &#x436;&#x435; &#x41C;&#x438;&#x43D;&#x435;&#x440;&#x430;&#x43B;&#x43E;&#x433;&#x438;&#x447;&#x435;&#x441;&#x43A;&#x430;&#x433;&#x43E;, &#x444;&#x438;&#x437;&#x438;&#x447;&#x435;&#x441;&#x43A;&#x438;&#x445;: &#x413;&#x435;&#x442;&#x442;&#x438;&#x43D;&#x433;&#x435;&#x43D;&#x441;&#x43A;&#x430;&#x433;&#x43E;, &#x426;&#x44E;&#x440;&#x438;&#x445;&#x441;&#x43A;&#x430;&#x433;&#x43E;, &#x412;&#x435;&#x441;&#x442;&#x444;&#x430;&#x43B;&#x44C;&#x441;&#x43A;&#x430;&#x433;&#x43E;, &#x413;&#x435;&#x439;&#x434;&#x435;&#x43B;&#x431;&#x435;&#x440;&#x433;&#x441;&#x43A;&#x430;&#x433;&#x43E;, &#x411;&#x43E;&#x442;&#x430;&#x43D;&#x438;&#x447;&#x435;&#x441;&#x43A;&#x430;&#x433;&#x43E; &#x440;&#x435;&#x433;&#x435;&#x43D;&#x431;&#x443;&#x440;&#x433;&#x441;&#x43A;&#x430;&#x433;&#x43E;, &#x43A;&#x43E;&#x440;&#x440;&#x435;&#x441;&#x43F;&#x43E;&#x43D;&#x434;&#x435;&#x43D;&#x442;&#x430; &#x448;&#x432;&#x435;&#x439;&#x446;&#x430;&#x440;&#x441;&#x43A;&#x438;&#x445; &#x432;&#x440;&#x430;&#x447;&#x435;&#x439; &#x438; &#x445;&#x438;&#x440;&#x443;&#x440;&#x433;&#x43E;&#x432;, &#x413;&#x430;&#x43B;&#x432;&#x430;&#x43D;&#x438;&#x447;&#x435;&#x441;&#x43A;&#x430;&#x433;&#x43E; &#x41F;&#x430;&#x440;&#x438;&#x436;&#x441;&#x43A;&#x430;&#x433;&#x43E; &#x43E;&#x431;&#x449;. &#x435;&#x441;&#x442;&#x435;&#x441;&#x442;&#x432;&#x43E;-&#x438;&#x441;&#x43F;&#x44B;&#x442;&#x430;&#x442;&#x435;&#x43B;&#x435;&#x439; &#x41C;&#x430;&#x438;&#x43D;&#x446;&#x441;&#x43A;&#x430;&#x433;&#x43E; &#x43E;&#x431;&#x449;. &#x435;&#x441;&#x442;&#x435;&#x441;&#x442;&#x432;&#x43E;-&#x438;&#x441;&#x43F;&#x44B;&#x442;&#x44B;&#x432;&#x430;&#x44E;&#x449;&#x438;&#x445; &#x441;&#x43E;&#x440;&#x435;&#x432;&#x43D;&#x43E;&#x432;&#x430;&#x442;&#x435;&#x43B;&#x435;&#x439; &#x432; &#x411;&#x435;&#x440;&#x43B;&#x438;&#x43D;&#x435;, &#x43A;&#x43E;&#x440;&#x440;&#x435;&#x441;&#x43F;. &#x43E;&#x431;&#x449;. &#x444;&#x430;&#x440;&#x43C;&#x430;&#x446;&#x438;&#x438; &#x438; &#x432;&#x440;&#x430;&#x447;&#x435;&#x431;&#x43D;&#x43E;&#x439; &#x444;&#x438;&#x437;&#x438;&#x43A;&#x438; - &#x438; &#x43F;&#x440;&#x43E;&#x447;.</subfield>
    <subfield code="g">&#x41F;&#x435;&#x440;&#x435;&#x432;&#x435;&#x434;&#x435;&#x43D;&#x43E; &#x441; &#x43D;&#x435;&#x43C;&#x435;&#x446;&#x43A;&#x430;&#x433;&#x43E; &#x447;&#x435;&#x442;&#x432;&#x435;&#x440;&#x442;&#x430;&#x433;&#x43E; &#x438;&#x437;&#x434;&#x430;&#x43D;&#x438;&#x44F; &#x443;&#x43C;&#x43D;&#x43E;&#x436;&#x435;&#x43D;&#x43D;&#x43D;&#x430;&#x433;&#x43E; [!] &#x438; &#x438;&#x441;&#x43F;&#x440;&#x430;&#x432;&#x43B;&#x435;&#x43D;&#x43D;&#x430;&#x433;&#x43E;</subfield>
  </datafield>
  <datafield tag="210" ind1=" " ind2=" ">
    <subfield code="a">&#x41C;&#x43E;&#x441;&#x43A;&#x432;&#x430;</subfield>
    <subfield code="c">&#x432; &#x442;&#x438;&#x43F;&#x43E;&#x433;&#x440;&#x430;&#x444;&#x438;&#x438; &#x424;&#x435;&#x434;&#x43E;&#x440;&#x430; &#x41B;&#x44E;&#x431;&#x438;&#x44F;</subfield>
    <subfield code="d">1811</subfield>
  </datafield>
  <datafield tag="215" ind1=" " ind2=" ">
    <subfield code="a">XVI, 272, [8] &#x441;.</subfield>
    <subfield code="d">12&#xB0;</subfield>
  </datafield>
  <datafield tag="300" ind1=" " ind2=" ">
    <subfield code="a">&#x426;&#x435;&#x43D;&#x437;.: &#x41C;&#x43E;&#x441;&#x43A;. &#x443;&#x43D;-&#x442;&#x430; &#x446;&#x435;&#x43D;&#x437;. &#x43A;&#x43E;&#x43C;.</subfield>
  </datafield>
  <datafield tag="300" ind1=" " ind2=" ">
    <subfield code="a">&#x417;&#x430;&#x433;&#x43B;. &#x43E;&#x440;&#x438;&#x433;.: Chemische Rezeptierkunst, oder Taschenbuch f&#xFC;r praktische Aerzte... (Erfurt, 1799)</subfield>
  </datafield>
  <datafield tag="300" ind1=" " ind2=" ">
    <subfield code="a">&#x41F;&#x43E;&#x434;&#x441;&#x442;&#x440;&#x43E;&#x447;. &#x43F;&#x440;&#x438;&#x43C;&#x435;&#x447;. &#x430;&#x432;&#x442;.</subfield>
  </datafield>
  <datafield tag="300" ind1=" " ind2=" ">
    <subfield code="a">&#x41D;&#x430; &#x441;.III-VI &#x43F;&#x43E;&#x441;&#x432;&#x44F;&#x449;. &#x43F;&#x435;&#x440;. &#x42F;.&#x412;.&#x412;&#x438;&#x43B;&#x43B;&#x438;&#x435; &#x441; &#x43F;&#x43E;&#x434;&#x43F;&#x438;&#x441;&#x44C;&#x44E;: &#x418;&#x432;&#x430;&#x43D; &#x41F;&#x43E;&#x43F;&#x43E;&#x432;</subfield>
  </datafield>
  <datafield tag="300" ind1=" " ind2=" ">
    <subfield code="a">&#x41D;&#x430; &#x441;.VII-XIV "&#x421;&#x43E;&#x43A;&#x440;&#x430;&#x449;&#x435;&#x43D;&#x43D;&#x43E;&#x435; &#x43F;&#x440;&#x435;&#x434;&#x438;&#x441;&#x43B;&#x43E;&#x432;&#x438;&#x435; &#x43A; &#x43F;&#x435;&#x440;&#x432;&#x43E;&#x43C;&#x443; &#x438;&#x437;&#x434;&#x430;&#x43D;&#x438;&#x44E;"; &#x43D;&#x430; &#x441;.XV-XVI "&#x41F;&#x440;&#x435;&#x434;&#x438;&#x441;&#x43B;&#x43E;&#x432;&#x438;&#x435; &#x43A; IV &#x438;&#x437;&#x434;&#x430;&#x43D;&#x438;&#x44E;"; &#x43D;&#x430; &#x441;.[1-8] &#x441;&#x43F;&#x438;&#x441;&#x43E;&#x43A; &#x43F;&#x43E;&#x434;&#x43F;&#x438;&#x441;&#x447;&#x438;&#x43A;&#x43E;&#x432;</subfield>
  </datafield>
  <datafield tag="321" ind1="1" ind2=" ">
    <subfield code="a">&#x421;&#x43C;&#x438;&#x440;&#x434;. 4646</subfield>
  </datafield>
  <datafield tag="321" ind1="1" ind2=" ">
    <subfield code="a">&#x421;&#x43E;&#x43F;. 6585</subfield>
  </datafield>
  <datafield tag="517" ind1="1" ind2=" ">
    <subfield code="a">&#x41A;&#x430;&#x440;&#x43C;&#x430;&#x43D;&#x43D;&#x430;&#x44F; &#x43A;&#x43D;&#x438;&#x436;&#x43A;&#x430; &#x434;&#x43B;&#x44F; &#x43F;&#x440;&#x430;&#x43A;&#x442;&#x438;&#x43A;&#x443;&#x44E;&#x449;&#x438;&#x445; &#x432;&#x440;&#x430;&#x447;&#x435;&#x439;, &#x43A;&#x43E;&#x442;&#x43E;&#x440;&#x44B;&#x435; &#x445;&#x43E;&#x442;&#x44F;&#x442; &#x438;&#x437;&#x431;&#x435;&#x433;&#x430;&#x442;&#x44C; &#x43F;&#x43E;&#x433;&#x440;&#x435;&#x448;&#x43D;&#x43E;&#x441;&#x442;&#x435;&#x439; &#x43F;&#x440;&#x438; &#x43F;&#x440;&#x435;&#x434;&#x43F;&#x438;&#x441;&#x44B;&#x432;&#x430;&#x43D;&#x438;&#x438; &#x43B;&#x435;&#x43A;&#x430;&#x440;&#x441;&#x442;&#x432; &#x432; &#x445;&#x438;&#x43C;&#x438;&#x447;&#x435;&#x441;&#x43A;&#x43E;&#x43C; &#x438; &#x444;&#x430;&#x440;&#x43C;&#x430;&#x446;&#x435;&#x432;&#x442;&#x438;&#x447;&#x435;&#x441;&#x43A;&#x43E;&#x43C; &#x43E;&#x442;&#x43D;&#x43E;&#x448;&#x435;&#x43D;&#x438;&#x438;</subfield>
  </datafield>
  <datafield tag="620" ind1=" " ind2=" ">
    <subfield code="d">&#x41C;&#x43E;&#x441;&#x43A;&#x432;&#x430;</subfield>
  </datafield>
  <datafield tag="700" ind1=" " ind2="1">
    <subfield code="6">z01790</subfield>
    <subfield code="6">z02790</subfield>
    <subfield code="a">&#x422;&#x440;&#x43E;&#x43C;&#x43C;&#x441;&#x434;&#x43E;&#x440;&#x444;</subfield>
    <subfield code="b">&#x418;.&#x411;.</subfield>
    <subfield code="f">1770-1837</subfield>
    <subfield code="g">&#x418;&#x43E;&#x433;&#x430;&#x43D;&#x43D; &#x411;&#x430;&#x440;&#x442;&#x43E;&#x43B;&#x43E;&#x43C;&#x435;</subfield>
    <subfield code="4">070</subfield>
  </datafield>
  <datafield tag="702" ind1=" " ind2="1">
    <subfield code="4">280</subfield>
    <subfield code="7">ca</subfield>
    <subfield code="8">rus</subfield>
    <subfield code="a">&#x412;&#x438;&#x43B;&#x43B;&#x438;&#x435;</subfield>
    <subfield code="b">&#x42F;. &#x412;.</subfield>
    <subfield code="f">1768-1854</subfield>
    <subfield code="g">&#x42F;&#x43A;&#x43E;&#x432; &#x412;&#x430;&#x441;&#x438;&#x43B;&#x44C;&#x435;&#x432;&#x438;&#x447;</subfield>
    <subfield code="9">191251</subfield>
    <subfield code="3">RU\NLR\AUTH\770191302</subfield>
  </datafield>
  <datafield tag="702" ind1=" " ind2="1">
    <subfield code="4">730</subfield>
    <subfield code="a">&#x41F;&#x43E;&#x43F;&#x43E;&#x432;</subfield>
    <subfield code="b">&#x418;. &#x412;.</subfield>
    <subfield code="c">&#x43B;&#x438;&#x442;&#x435;&#x440;&#x430;&#x442;&#x43E;&#x440;, &#x438;&#x437;&#x434;&#x430;&#x442;&#x435;&#x43B;&#x44C;</subfield>
    <subfield code="f">&#x43E;&#x43A;.1770-1839</subfield>
    <subfield code="g">&#x418;&#x432;&#x430;&#x43D; &#x412;&#x430;&#x441;&#x438;&#x43B;&#x44C;&#x435;&#x432;&#x438;&#x447;</subfield>
    <subfield code="3">RU\NLR\AUTH\770238059</subfield>
    <subfield code="9">238003</subfield>
  </datafield>
  <datafield tag="702" ind1=" " ind2="1">
    <subfield code="4">610</subfield>
    <subfield code="7">ca</subfield>
    <subfield code="8">rus</subfield>
    <subfield code="a">&#x41B;&#x44E;&#x431;&#x438;</subfield>
    <subfield code="b">&#x424;. &#x424;.</subfield>
    <subfield code="g">&#x424;&#x435;&#x434;&#x43E;&#x440; &#x424;.</subfield>
    <subfield code="9">240351</subfield>
    <subfield code="3">RU\NLR\AUTH\770240407</subfield>
  </datafield>
  <datafield tag="712" ind1="0" ind2="0">
    <subfield code="4">610</subfield>
    <subfield code="a">&#x41B;&#x44E;&#x431;&#x438;,</subfield>
    <subfield code="c">&#x41C;&#x43E;&#x441;&#x43A;&#x432;&#x430;</subfield>
    <subfield code="g">&#x424;.,</subfield>
    <subfield code="h">&#x442;&#x438;&#x43F;&#x43E;&#x433;&#x440;&#x430;&#x444;&#x438;&#x44F;</subfield>
    <subfield code="9">723209</subfield>
    <subfield code="3">RU\NLR\AUTH\880530593</subfield>
  </datafield>
  <datafield tag="790" ind1=" " ind2="1">
    <subfield code="6">z01700</subfield>
    <subfield code="a">Trommsdorf</subfield>
    <subfield code="b">J.B.</subfield>
    <subfield code="g">Johann Bartholom&#xE4;</subfield>
    <subfield code="4">070</subfield>
    <subfield code="7">ba</subfield>
  </datafield>
  <datafield tag="790" ind1=" " ind2="1">
    <subfield code="6">z02700</subfield>
    <subfield code="a">&#x422;&#x440;&#x43E;&#x43C;&#x437;&#x434;&#x43E;&#x440;&#x444;</subfield>
    <subfield code="b">&#x418;.&#x411;.</subfield>
    <subfield code="g">&#x418;&#x43E;&#x430;&#x43D;. &#x411;&#x430;&#x440;&#x442;&#x43E;&#x43B;&#x43E;&#x43C;&#x435;&#x439;</subfield>
  </datafield>
  <datafield tag="801" ind1=" " ind2="0">
    <subfield code="a">RU</subfield>
    <subfield code="b">NLR</subfield>
    <subfield code="c">19990604</subfield>
  </datafield>
  <datafield tag="852" ind1=" " ind2=" ">
    <subfield code="a">NLR</subfield>
    <subfield code="j">18.12.2.19</subfield>
  </datafield>
  <datafield tag="942" ind1=" " ind2=" ">
    <subfield code="c">BOOK</subfield>
  </datafield>
  <datafield tag="980" ind1=" " ind2=" ">
    <subfield code="a">NB</subfield>
  </datafield>
  <datafield tag="980" ind1=" " ind2=" ">
    <subfield code="a">A1DV</subfield>
  </datafield>
  <datafield tag="995" ind1=" " ind2=" ">
    <subfield code="5">2016-05-13</subfield>
    <subfield code="b">NLR02</subfield>
    <subfield code="c">NLR02</subfield>
    <subfield code="e">RFS</subfield>
    <subfield code="f">10777042-10</subfield>
    <subfield code="k">18.12.2.19</subfield>
    <subfield code="o">0</subfield>
    <subfield code="r">BOOK</subfield>
    <subfield code="s">1812219_</subfield>
  </datafield>
</record>
